Soil-water interactions : Mechanisms and applications
Emphasizing pioneering achievements, this work offers a clear and systematic description of various soil-water phenomena and their applications to soil problems such as water retention and the flux of water in soils and clays. This second edition contains material on the physical properties of adsor...
Uloženo v:
| Hlavní autor: | |
|---|---|
| Médium: | Kniha |
| Jazyk: | Undetermined |
| Vydáno: |
New York
Dekker
1995
|
| Témata: | |
| Tagy: |
Přidat tag
Žádné tagy, Buďte první, kdo otaguje tento záznam!
|
| Thư viện lưu trữ: | Trung tâm Học liệu Trường Đại học Cần Thơ |
|---|
| LEADER | 01017nam a2200217Ia 4500 | ||
|---|---|---|---|
| 001 | CTU_138584 | ||
| 008 | 210402s9999 xx 000 0 und d | ||
| 082 | |a 631.432 | ||
| 082 | |b I.93 | ||
| 100 | |a Iwata, Shingo | ||
| 245 | 0 | |a Soil-water interactions : | |
| 245 | 0 | |b Mechanisms and applications | |
| 245 | 0 | |c Shingo Iwata, Toshio Tabuchi, Benno P. Warkentin | |
| 260 | |a New York | ||
| 260 | |b Dekker | ||
| 260 | |c 1995 | ||
| 520 | |a Emphasizing pioneering achievements, this work offers a clear and systematic description of various soil-water phenomena and their applications to soil problems such as water retention and the flux of water in soils and clays. This second edition contains material on the physical properties of adsorbed water, the application of fractal theory to solute and water flows in field soils, fingering research, and more. | ||
| 650 | |a Soil moisture,Soil physics,Soils | ||
| 650 | |z Japan | ||
| 904 | |i Trọng Hiếu | ||
| 980 | |a Trung tâm Học liệu Trường Đại học Cần Thơ | ||